La peste /

Shranjeno v:
Bibliografske podrobnosti
Glavni avtor: Camus, Albert (autor)
Format: Knjiga
Jezik:francoščina
Izdano: París, Francia : Gallimard, 1947, c1947
Oznake: Označite
Brez oznak, prvi označite!

MARC

LEADER 00000nam^a2200000^a^4500
001 000454457
005 20250521000000.0
009 20260310123930.05
037 |a Acervo Xavier Clavigero 
041 |a FRA 
091 |a FCA. 05000 
100 |a Camus, Albert  |e (autor) 
245 1 3 |a La peste / 
264 4 |a París, Francia :  |b Gallimard,  |c 1947, c1947 
300 |a 247 p. 
336 |a texto  |b txt  |2 rdacontenido 
337 |a sin mediación  |b n  |2 rdamedio 
338 |a volumen  |b nc  |2 rdasoporte 
649 |a XX 
910 |a Fondo Xavier Cacho Vázquez S.J. 
920 |a Impresos - Libros 
930 |a Fondos Especiales 
940 |a Literatura 
905 |a 131 
901 |a 0500376134  |b IT2  |c ESP  |i D  |u 20250521 
902 |a https://opac.biblio.iteso.mx/vufind/Record/000454457